[Event "DEN-ch G7 Gr-1"]
[Site "Svendborg"]
[Date "2022.04.18"]
[Round "7"]
[White "Ramkilde, Mikael"]
[Black "Strachan, Christian C"]
[Result "1/2-1/2"]
[WhiteElo "1911"]
[BlackElo "1849"]
[PlyCount "80"]
[EventDate "2022.04.12"]
[EventType "swiss"]
[EventRounds "7"]
[EventCountry "DEN"]
[SourceTitle "EXT 2024"]
[Source "ChessBase"]
[SourceDate "2023.10.10"]
[SourceVersion "1"]
[SourceVersionDate "2023.10.10"]
[SourceQuality "1"]

1. e4 e6 2. d4 d5 3. e5 c5 4. c3 Bd7 5. Nf3 a6 6. Na3 cxd4 7. cxd4 Bb4+ 8. Bd2 Bxd2+ 9. Qxd2 Ne7 10. Bd3 Nbc6 11. Rd1 Rc8 12. 0-0 Ng6 13. g3 Qe7 14. Nc2 0-0 15. h4 f6 16. Bxg6 hxg6 17. Kg2 Qf7 18. exf6 gxf6 19. Ne3 Kg7 20. Ng4 Rh8 21. Ne3 Rcd8 22. Qc3 Qe7 23. a3 Rc8 24. Qd2 Qd6 25. Rfe1 Rce8 26. Qc3 Rc8 27. Qd2 Ne7 28. Ng4 Rcf8 29. Ne3 Nf5 30. Ng4 Qe7 31. Ne3 Nxe3+ 32. Qxe3 Qd6 33. Qb3 Bc6 34. Rd3 Rd8 35. Rde3 Rhe8 36. Qc2 Qd7 37. Kh2 Rc8 38. Qd2 Rcd8 39. Qc2 Rc8 40. Qd2 Rcd8 1/2-1/2

[Event "DEN-ch G7 Gr-1"]
[Site "Svendborg"]
[Date "2022.04.17"]
[Round "6"]
[White "Strachan, Christian C"]
[Black "Saravana, Vedant Kumar"]
[Result "1/2-1/2"]
[WhiteElo "1849"]
[BlackElo "1877"]
[PlyCount "56"]
[EventDate "2022.04.12"]
[EventType "swiss"]
[EventRounds "7"]
[EventCountry "DEN"]
[SourceTitle "EXT 2024"]
[Source "ChessBase"]
[SourceDate "2023.10.10"]
[SourceVersion "1"]
[SourceVersionDate "2023.10.10"]
[SourceQuality "1"]

1. c4 e5 2. Nc3 Nf6 3. Nf3 Nc6 4. d4 exd4 5. Nxd4 Bb4 6. Bg5 h6 7. Bh4 Bxc3+ 8. bxc3 Ne5 9. f4 Ng6 10. Bxf6 Qxf6 11. g3 0-0 12. e4 Re8 13. Bg2 c6 14. 0-0 d6 15. Rb1 Nf8 16. Qd2 Re7 17. Rfe1 Be6 18. Nxe6 Qxe6 19. Qd4 Qd7 20. Rbd1 Ne6 21. Qxd6 Qxd6 22. Rxd6 Nc5 23. Kf2 Rae8 24. Rd4 Ne6 25. Rdd1 Nc5 26. Rd4 Ne6 27. Rdd1 Nc5 28. Rd4 Ne6 1/2-1/2

[Event "DEN-ch G7 Gr-1"]
[Site "Svendborg"]
[Date "2022.04.14"]
[Round "3"]
[White "Christensen, John Christoffer H"]
[Black "Strachan, Christian C"]
[Result "1/2-1/2"]
[WhiteElo "1837"]
[BlackElo "1849"]
[PlyCount "76"]
[EventDate "2022.04.12"]
[EventType "swiss"]
[EventRounds "7"]
[EventCountry "DEN"]
[SourceTitle "EXT 2024"]
[Source "ChessBase"]
[SourceDate "2023.10.10"]
[SourceVersion "1"]
[SourceVersionDate "2023.10.10"]
[SourceQuality "1"]

1. e4 e6 2. d4 d5 3. exd5 exd5 4. Bd3 Bd6 5. Nf3 Ne7 6. Bg5 f6 7. Bh4 Nbc6 8. c3 Bf5 9. Bg3 Bxd3 10. Qxd3 0-0 11. Nbd2 b5 12. 0-0 Rb8 13. Rac1 Qd7 14. Rfe1 Rfe8 15. Bxd6 cxd6 16. Nf1 Na5 17. b3 a6 18. Ne3 Rbc8 19. Qd2 Nb7 20. c4 dxc4 21. bxc4 d5 22. c5 Nc6 23. h3 Nba5 24. Red1 Nc4 25. Nxc4 bxc4 26. Rb1 Rb8 27. a3 Qc7 28. Qc2 Rb5 29. Qf5 Ne7 30. Qe6+ Kf8 31. Rxb5 axb5 32. Re1 Qc6 33. Qg4 Ng6 34. Rxe8+ Qxe8 35. Qf5 Qe4 36. Qc8+ Qe8 37. Qf5 Qe4 38. Qc8+ Qe8 1/2-1/2

[Event "Helsingor Xtracon op"]
[Site "Helsingor"]
[Date "2019.07.21"]
[Round "3"]
[White "Weersing, Nathan"]
[Black "Strachan, Christian C"]
[Result "0-1"]
[WhiteElo "1388"]
[BlackElo "1727"]
[PlyCount "84"]
[EventDate "2019.07.20"]
[EventType "swiss"]
[EventRounds "10"]
[EventCountry "DEN"]
[SourceTitle "CBM 191 Extra"]
[Source "ChessBase"]
[SourceDate "2019.09.30"]
[SourceVersion "1"]
[SourceVersionDate "2019.09.30"]
[SourceQuality "1"]

1. e4 e6 2. d4 d5 3. Nc3 Nf6 4. Bg5 dxe4 5. Nxe4 Nbd7 6. Bd3 Be7 7. Nf3 h6 8. Bh4 0-0 9. Ne5 Nxe4 10. Bxe7 Qxe7 11. Bxe4 Nxe5 12. dxe5 Qb4+ 13. c3 Qxe4+ 14. Qe2 Qxe2+ 15. Kxe2 b6 16. Rad1 Ba6+ 17. Ke3 Rfd8 18. Rd4 Kf8 19. Rhd1 Ke7 20. a4 Rxd4 21. cxd4 Rd8 22. Rc1 Rd7 23. f4 Bb7 24. g4 a5 25. h4 Bd5 26. Rc3 c6 27. Rd3 Rc7 28. Kd2 c5 29. dxc5 Rxc5 30. Rc3 Rxc3 31. Kxc3 Bc6 32. Kb3 Bf3 33. g5 h5 34. Ka3 Kd7 35. b4 Kc6 36. bxa5 bxa5 37. Kb2 g6 38. Kc2 Kc5 39. Kc3 Bd1 40. Kb2 Bxa4 41. Ka3 Bb5 42. Kb2 Kd4 0-1

[Event "Helsingor Xtracon op"]
[Site "Helsingor"]
[Date "2019.07.20"]
[Round "1"]
[White "Thorsbro, Peter"]
[Black "Strachan, Christian C"]
[Result "1-0"]
[WhiteElo "2199"]
[BlackElo "1727"]
[PlyCount "80"]
[EventDate "2019.07.20"]
[EventType "swiss"]
[EventRounds "10"]
[EventCountry "DEN"]
[SourceTitle "CBM 191 Extra"]
[Source "ChessBase"]
[SourceDate "2019.09.30"]
[SourceVersion "1"]
[SourceVersionDate "2019.09.30"]
[SourceQuality "1"]

1. d4 d5 2. c4 c6 3. Nc3 Nf6 4. Nf3 a6 5. c5 Nbd7 6. Bf4 b6 7. cxb6 Qxb6 8. Na4 Qa5+ 9. Bd2 Qc7 10. Rc1 e6 11. Qc2 Bb7 12. e3 Ne4 13. Bd3 Nxd2 14. Nxd2 Bd6 15. h3 h6 16. 0-0 0-0 17. Nb3 Rfc8 18. Qd2 a5 19. Nbc5 Bxc5 20. Nxc5 Nxc5 21. Rxc5 Qb6 22. Rfc1 Rcb8 23. b3 Qb4 24. R1c3 a4 25. Qb2 a3 26. Qc1 Re8 27. f4 Rad8 28. Kh2 g6 29. Qe1 Kg7 30. h4 h5 31. Qg3 Rd7 32. Qg5 Qb6 33. Qg3 Qb4 34. Be2 Kh7 35. Qg5 Qb6 36. g4 Qd8 37. gxh5 Qxg5 38. hxg5 gxh5 39. Bxh5 Kg7 40. Be2 f6 1-0

[Event "DEN-ch Seniors 65+"]
[Site "Odder"]
[Date "2019.02.14"]
[Round "4"]
[White "Strachan, Christian C"]
[Black "Mikkelsen, Peter Jorgen Dam"]
[Result "0-1"]
[WhiteElo "1912"]
[BlackElo "2070"]
[PlyCount "57"]
[EventDate "2019.02.11"]
[EventType "swiss"]
[EventRounds "7"]
[EventCountry "DEN"]
[SourceTitle "CBM 189 Extra"]
[Source "ChessBase"]
[SourceDate "2019.05.31"]
[SourceVersion "1"]
[SourceVersionDate "2019.05.31"]
[SourceQuality "1"]

1. e4 c6 2. d4 d5 3. e5 Bf5 4. h4 h5 5. Bd3 Bxd3 6. Qxd3 e6 7. Nf3 Nd7 8. 0-0 Be7 9. Bg5 Bxg5 10. Nxg5 Ne7 11. Nd2 Nf5 12. g3 Qe7 13. c4 dxc4 14. Nxc4 Nb6 15. Ne3 g6 16. Ne4 0-0-0 17. Nxf5 gxf5 18. Nd6+ Kb8 19. Qb3 Rhg8 20. Kh2 Rg4 21. Rad1 Rdg8 22. Qf3 Nd5 23. Rd3 b6 24. Rb3 f6 25. a4 Rxd4 26. Qxh5 fxe5 27. Qf7 Rf8 28. Qxe7 Nxe7 29. Rc1 0-1

[Event "DEN-ch Seniors 65+"]
[Site "Odder"]
[Date "2019.02.11"]
[Round "1"]
[White "Kristensen, Lars Ostergaard"]
[Black "Strachan, Christian C"]
[Result "0-1"]
[WhiteElo "1624"]
[BlackElo "1912"]
[PlyCount "122"]
[EventDate "2019.02.11"]
[EventType "swiss"]
[EventRounds "7"]
[EventCountry "DEN"]
[SourceTitle "CBM 189 Extra"]
[Source "ChessBase"]
[SourceDate "2019.05.31"]
[SourceVersion "1"]
[SourceVersionDate "2019.05.31"]
[SourceQuality "1"]

1. d4 d5 2. c4 c6 3. Nc3 Nf6 4. cxd5 cxd5 5. Bf4 a6 6. e3 Nc6 7. Bd3 e6 8. Nf3 Bd6 9. Bxd6 Qxd6 10. Rc1 0-0 11. 0-0 b5 12. Qe2 Bb7 13. Rfd1 Rad8 14. b3 g6 15. a4 b4 16. Na2 a5 17. Bb5 Nb8 18. Rc2 Rc8 19. Rdc1 Rxc2 20. Rxc2 Ne4 21. Ne5 f6 22. Nd3 Qb6 23. Nc5 Nxc5 24. Rxc5 Rc8 25. Rxc8+ Bxc8 26. Qc2 Bb7 27. Nc1 Kf7 28. Nd3 Ke7 29. Qc5+ Qxc5 30. Nxc5 Bc8 31. Kf1 Kd6 32. Ke2 e5 33. f3 Nc6 34. Kd3 Bf5+ 35. e4 dxe4+ 36. fxe4 Bc8 37. Bxc6 Kxc6 38. Ke3 f5 39. Nd3 exd4+ 40. Kxd4 fxe4 41. Kxe4 Be6 42. Nc1 Bd5+ 43. Kd4 Bxg2 44. h4 Bd5 45. Ke5 h6 46. Kf6 Be4 47. Ke5 Bc2 48. Kd4 g5 49. hxg5 hxg5 50. Kc4 Bd1 51. Kd3 Kd5 52. Kd2 Bh5 53. Nd3 Kd4 54. Nf2 Bf7 55. Nh3 g4 56. Nf2 g3 57. Nh3 Bxb3 58. Ng1 Kc4 59. Kc1 Bxa4 60. Kb2 Bd1 61. Kc1 Bg4 0-1

[Event "Helsingor Xtracon op"]
[Site "Helsingor"]
[Date "2018.07.29"]
[Round "10"]
[White "Strachan, Christian C"]
[Black "Nielsen, Palle"]
[Result "0-1"]
[WhiteElo "1927"]
[BlackElo "1771"]
[PlyCount "115"]
[EventDate "2018.07.21"]
[EventType "swiss"]
[EventRounds "10"]
[EventCountry "DEN"]
[SourceTitle "CBM 185 Extra"]
[Source "ChessBase"]
[SourceDate "2018.07.29"]
[SourceVersion "1"]
[SourceVersionDate "2018.07.29"]
[SourceQuality "1"]

1. e4 c6 2. d4 d5 3. e5 Bf5 4. h4 h6 5. g4 Bh7 6. Bd3 Bxd3 7. Qxd3 Qd7 8. f3 Na6 9. Be3 0-0-0 10. Ne2 e6 11. a3 Kb8 12. b4 Nc7 13. Nd2 Ne7 14. Nb3 Nc8 15. Nc5 Qe8 16. h5 Nb6 17. Bf2 Nc4 18. Qb3 Be7 19. f4 Rf8 20. 0-0-0 b6 21. Nd3 Ka8 22. Nb2 b5 23. Nd3 Rb8 24. Nc5 Qc8 25. Be1 Bxc5 26. dxc5 Qa6 27. Rh3 Qa4 28. Nd4 Kb7 29. Rdd3 Ra8 30. Qxa4 bxa4 31. Kb1 Nb5 32. Nxb5 cxb5 33. Ka2 Kc6 34. Bh4 Rfe8 35. Rd1 a5 36. c3 Ra7 37. Bf2 Rf8 38. Bd4 Re8 39. Rh2 Raa8 40. Rf1 axb4 41. cxb4 Rg8 42. Rg1 Rae8 43. g5 Ref8 44. Rhg2 hxg5 45. Rxg5 Rh8 46. R1g2 Rh6 47. Rxg7 Rxh5 48. R7g3 Rfh8 49. Rg7 Rf5 50. R7g4 Rh3 51. Bb2 Nxb2 52. Kxb2 Rb3+ 53. Ka2 Rf3 54. Kb2 d4 55. Rd2 Kd5 56. c6 Rc3 57. Rc2 Rxc2+ 58. Kxc2 0-1

[Event "Helsingor Xtracon op"]
[Site "Helsingor"]
[Date "2018.07.24"]
[Round "5"]
[White "Manz, Andreas"]
[Black "Strachan, Christian C"]
[Result "1-0"]
[WhiteElo "1791"]
[BlackElo "1927"]
[PlyCount "63"]
[EventDate "2018.07.21"]
[EventType "swiss"]
[EventRounds "10"]
[EventCountry "DEN"]
[SourceTitle "CBM 185 Extra"]
[Source "ChessBase"]
[SourceDate "2018.07.29"]
[SourceVersion "1"]
[SourceVersionDate "2018.07.29"]
[SourceQuality "1"]

1. d4 d5 2. c4 c6 3. cxd5 cxd5 4. Nc3 Nf6 5. Bf4 Nc6 6. e3 a6 7. Bd3 e6 8. Rc1 Bd6 9. Bxd6 Qxd6 10. f4 b5 11. a3 Bb7 12. Nf3 0-0 13. Ne5 Na5 14. 0-0 Nc4 15. Qe2 Rac8 16. g4 Nd7 17. g5 Ndxe5 18. fxe5 Qe7 19. Rf6 g6 20. h4 Kg7 21. Rcf1 Nxa3 22. Nd1 Nc4 23. Nf2 Qb4 24. Nd1 Nxe5 25. dxe5 Qxh4 26. Qg2 Qb4 27. Qf3 Rc7 28. Rf4 Qd2 29. Rd4 Qc1 30. Qf6+ Kg8 31. Bxg6 hxg6 32. Rh4 1-0

[Event "Helsingor Xtracon op"]
[Site "Helsingor"]
[Date "2018.07.21"]
[Round "1"]
[White "Rasmussen, Allan Stig"]
[Black "Strachan, Christian C"]
[Result "1-0"]
[WhiteElo "2536"]
[BlackElo "1927"]
[PlyCount "47"]
[EventDate "2018.07.21"]
[EventType "swiss"]
[EventRounds "10"]
[EventCountry "DEN"]
[SourceTitle "CBM 185 Extra"]
[Source "ChessBase"]
[SourceDate "2018.07.29"]
[SourceVersion "1"]
[SourceVersionDate "2018.07.29"]
[SourceQuality "1"]

1. c4 Nf6 2. Nc3 c6 3. Nf3 d5 4. e3 a6 5. Qc2 e6 6. b3 Be7 7. Bb2 0-0 8. Rg1 b5 9. g4 b4 10. Na4 Nbd7 11. Bd3 g6 12. h4 Ne8 13. h5 Bf6 14. hxg6 fxg6 15. Bxg6 Bxb2 16. Bxh7+ Kh8 17. Qxb2+ Qf6 18. Qxf6+ Rxf6 19. Rh1 Kg7 20. Ke2 Nd6 21. g5 Rf8 22. Nd4 Ne5 23. f4 Ne4 24. Bxe4 1-0

[Event "Helsingor Xtracon op"]
[Site "Helsingor"]
[Date "2017.07.23"]
[Round "2"]
[White "Olsen, Filip Boe"]
[Black "Strachan, Christian C"]
[Result "1-0"]
[WhiteElo "2189"]
[BlackElo "1938"]
[PlyCount "63"]
[EventDate "2017.07.22"]
[EventType "swiss"]
[EventRounds "10"]
[EventCountry "DEN"]
[SourceTitle "CBM 179 Extra"]
[Source "ChessBase"]
[SourceDate "2017.08.23"]
[SourceVersion "1"]
[SourceVersionDate "2017.08.23"]
[SourceQuality "1"]

1. d4 d5 2. c4 c6 3. Nf3 Nf6 4. Nc3 a6 5. c5 Bf5 6. Bf4 Nbd7 7. e3 Ne4 8. Bd3 b5 9. Bxe4 Bxe4 10. Nxe4 dxe4 11. Nd2 Nf6 12. Qc2 Qd5 13. Be5 Rd8 14. Bxf6 gxf6 15. Qxe4 e5 16. Qxd5 Rxd5 17. Nf3 Bg7 18. e4 Rd7 19. 0-0-0 0-0 20. dxe5 Re7 21. exf6 Bh6+ 22. Kb1 Rxe4 23. Rd4 Re6 24. Rd6 Bf4 25. Rxe6 fxe6 26. Nd4 Rxf6 27. Nxc6 Bc7 28. f3 Kf8 29. Nb4 a5 30. Na6 Be5 31. c6 Rf7 32. Rc1 1-0

[Event "Helsingor Xtracon op"]
[Site "Helsingor"]
[Date "2016.07.30"]
[Round "9"]
[White "Strachan, Christian C"]
[Black "Mansoor, Afras"]
[Result "1-0"]
[WhiteElo "1964"]
[BlackElo "1719"]
[PlyCount "121"]
[EventDate "2016.07.23"]
[EventType "swiss"]
[EventRounds "10"]
[EventCountry "DEN"]
[SourceTitle "CBM 173 Extra"]
[Source "ChessBase"]
[SourceDate "2016.08.29"]
[SourceVersion "1"]
[SourceVersionDate "2016.08.29"]
[SourceQuality "1"]

1. e4 Nf6 2. e5 Nd5 3. d4 d6 4. exd6 cxd6 5. Nf3 g6 6. Be2 Bg7 7. 0-0 0-0 8. c4 Nb6 9. Nc3 Bf5 10. Be3 Nc6 11. Rc1 Rc8 12. Qd2 Re8 13. Rfd1 a5 14. b3 a4 15. c5 dxc5 16. dxc5 Nd7 17. Nxa4 Nde5 18. Nxe5 Bxe5 19. f4 Bg7 20. Bf3 Qc7 21. Qf2 e5 22. g3 Re7 23. Nb6 Nb4 24. Nxc8 Qxc8 25. Qd2 Nd3 26. c6 e4 27. cxb7 Qxb7 28. Be2 Nxc1 29. Rxc1 Re8 30. Rd1 Bf6 31. Qd6 Bg7 32. Qb6 Qa8 33. a4 Qc8 34. Bc4 Bg4 35. Rd6 Bf3 36. Qa7 Rf8 37. Qd7 Qb8 38. Rb6 Qa8 39. Rb7 Kh8 40. Qd5 Qc8 41. Qd7 Qa8 42. Ra7 Qb8 43. Qb5 Qd8 44. Qd7 Qc8 45. Qb7 Qxb7 46. Rxb7 Rd8 47. Kf2 f5 48. Rb5 h5 49. Rd5 Ra8 50. Bd4 Bxd4+ 51. Rxd4 Kg7 52. Rd7+ Kh6 53. Ke3 g5 54. Rd6+ Kg7 55. fxg5 Ra7 56. h4 Bg4 57. Bb5 Kf8 58. Bc4 Kg7 59. Rd5 Ra8 60. a5 Ra7 61. a6 1-0

[Event "Helsingor Xtracon op"]
[Site "Helsingor"]
[Date "2016.07.25"]
[Round "4"]
[White "Leutwyler, Martin"]
[Black "Strachan, Christian C"]
[Result "1/2-1/2"]
[WhiteElo "2145"]
[BlackElo "1964"]
[PlyCount "110"]
[EventDate "2016.07.23"]
[EventType "swiss"]
[EventRounds "10"]
[EventCountry "DEN"]
[SourceTitle "CBM 173 Extra"]
[Source "ChessBase"]
[SourceDate "2016.08.29"]
[SourceVersion "1"]
[SourceVersionDate "2016.08.29"]
[SourceQuality "1"]

1. d4 d5 2. Nf3 c6 3. c4 Nf6 4. e3 Bf5 5. Nc3 e6 6. Nh4 Bg4 7. Qb3 Qc7 8. h3 Bh5 9. g4 Bg6 10. Bd2 Be7 11. Rc1 Be4 12. Nxe4 Nxe4 13. Nf3 Nxd2 14. Nxd2 dxc4 15. Nxc4 Nd7 16. Bg2 0-0 17. 0-0 Rab8 18. Rfd1 Nb6 19. Ne5 Qd6 20. a3 Rfc8 21. Nd3 Bd8 22. Qb4 Qxb4 23. Nxb4 Be7 24. Nd3 Rd8 25. Nc5 Nd5 26. b4 Kf8 27. Rd2 Ke8 28. Rb2 a6 29. a4 Rdc8 30. Bf1 Nc7 31. Be2 h6 32. f4 Bd6 33. h4 Ke7 34. Kf2 g6 35. Kf3 Rd8 36. Ne4 f6 37. Nc5 e5 38. Rd2 exf4 39. e4 g5 40. hxg5 hxg5 41. Rh1 Rh8 42. Rh5 b5 43. a5 Rbd8 44. Nb7 Rdg8 45. Nxd6 Kxd6 46. Bd1 Re8 47. e5+ Ke7 48. Rc2 fxe5 49. Rxc6 e4+ 50. Kf2 Kd7 51. Rg6 Reg8 52. Rxg8 Rxg8 53. Bc2 e3+ 54. Kf3 Rg7 55. Rh6 Ke7 1/2-1/2

[Event "Bronshoj-ch B"]
[Site "Bronshoj"]
[Date "2016.03.30"]
[Round "2"]
[White "Madsen, Michael Ole"]
[Black "Strachan, Christian C"]
[Result "1/2-1/2"]
[WhiteElo "2036"]
[BlackElo "1860"]
[PlyCount "70"]
[EventDate "2016.03.17"]
[EventType "swiss"]
[EventRounds "9"]
[EventCountry "DEN"]
[SourceTitle "EXT 2024"]
[Source "ChessBase"]
[SourceDate "2023.10.10"]
[SourceVersion "1"]
[SourceVersionDate "2023.10.10"]
[SourceQuality "1"]

1. d4 d5 2. c4 c6 3. Nf3 Nf6 4. e3 a6 5. Bd3 dxc4 6. Bxc4 b5 7. Bb3 e6 8. 0-0 Bb7 9. Qe2 Nbd7 10. Rd1 Be7 11. Nc3 0-0 12. e4 Re8 13. Bg5 h6 14. Bh4 Rc8 15. Ne5 Qc7 16. Bg3 Nxe5 17. Bxe5 Qb6 18. Bc2 Rcd8 19. a3 c5 20. dxc5 Qxc5 21. Bf4 Qc6 22. f3 Qb6+ 23. Be3 Bc5 24. Bxc5 Qxc5+ 25. Qf2 Qxf2+ 26. Kxf2 Kf8 27. e5 Nd7 28. f4 Nb6 29. g3 Ke7 30. b3 Rc8 31. Rd3 Be4 32. Nxe4 Rxc2+ 33. Rd2 Rec8 34. Rad1 Nd5 35. Kf3 h5 1/2-1/2

[Event "Politiken Cup 37th"]
[Site "Helsingor"]
[Date "2015.08.01"]
[Round "9"]
[White "Kakulidis, Ellen"]
[Black "Strachan, Christian C"]
[Result "1/2-1/2"]
[WhiteElo "1770"]
[BlackElo "1884"]
[PlyCount "87"]
[EventDate "2015.07.25"]
[EventType "swiss"]
[EventRounds "10"]
[EventCountry "DEN"]
[SourceTitle "CBM 167 Extra"]
[Source "ChessBase"]
[SourceDate "2015.09.14"]
[SourceVersion "1"]
[SourceVersionDate "2015.09.14"]
[SourceQuality "1"]

1. d4 d5 2. c4 c6 3. Nf3 Nf6 4. Nc3 a6 5. Ne5 Bf5 6. Bf4 e6 7. e3 Nbd7 8. Be2 Be7 9. 0-0 0-0 10. a3 Nxe5 11. Bxe5 Nd7 12. Bg3 Re8 13. b4 dxc4 14. Bxc4 a5 15. Qb3 Nb6 16. Be2 Nd5 17. Nxd5 exd5 18. Rfc1 axb4 19. axb4 Qb6 20. b5 Rec8 21. h3 h6 22. Ra2 Be6 23. Rxa8 Rxa8 24. Qb1 c5 25. dxc5 Bxc5 26. Be5 Rc8 27. Qb2 f6 28. Bd4 Qd6 29. Bxc5 Rxc5 30. Rc2 b6 31. Qa3 Qc7 32. Rxc5 bxc5 33. Qa8+ Kf7 34. Bh5+ g6 35. Bf3 d4 36. exd4 cxd4 37. Bd5 d3 38. Bxe6+ Kxe6 39. Qe4+ Qe5 40. Qxd3 Qe1+ 41. Qf1 Qxf1+ 42. Kxf1 Kd6 43. Ke2 Kc5 44. Ke3 1/2-1/2

[Event "Politiken Cup 37th"]
[Site "Helsingor"]
[Date "2015.07.27"]
[Round "4"]
[White "Sparvang, Johnny"]
[Black "Strachan, Christian C"]
[Result "0-1"]
[WhiteElo "1619"]
[BlackElo "1884"]
[PlyCount "42"]
[EventDate "2015.07.25"]
[EventType "swiss"]
[EventRounds "10"]
[EventCountry "DEN"]
[SourceTitle "CBM 167 Extra"]
[Source "ChessBase"]
[SourceDate "2015.09.14"]
[SourceVersion "1"]
[SourceVersionDate "2015.09.14"]
[SourceQuality "1"]

1. e4 e6 2. f4 d5 3. e5 c5 4. c3 Nc6 5. d4 Qb6 6. Nf3 cxd4 7. cxd4 f6 8. Nc3 Bd7 9. Bb5 a6 10. Bxc6 bxc6 11. b3 c5 12. Be3 Rc8 13. Ne2 Nh6 14. h3 Nf5 15. Bf2 cxd4 16. Nexd4 Bb4+ 17. Kf1 Nxd4 18. Nxd4 Bc5 19. Rc1 0-0 20. g3 fxe5 21. fxe5 Bxd4 0-1

[Event "Politiken Cup 36th"]
[Site "Helsingor"]
[Date "2014.07.29"]
[Round "10"]
[White "Strachan, Christian C"]
[Black "Rendlev, Niels Moller"]
[Result "1-0"]
[WhiteElo "1918"]
[BlackElo "1790"]
[PlyCount "95"]
[EventDate "2014.07.21"]
[EventType "swiss"]
[EventRounds "10"]
[EventCountry "DEN"]
[SourceTitle "CBM 161 Extra"]
[Source "ChessBase"]
[SourceDate "2014.08.29"]
[SourceVersion "1"]
[SourceVersionDate "2014.08.29"]
[SourceQuality "1"]

1. e4 e6 2. d4 d5 3. Nd2 c5 4. exd5 Qxd5 5. dxc5 Bxc5 6. Ngf3 Nc6 7. Be2 Nf6 8. 0-0 Ng4 9. c4 Qf5 10. Nb3 Bb6 11. Bd3 Qf6 12. Qe2 Nce5 13. Be4 h5 14. c5 Bc7 15. h3 Nxf3+ 16. gxf3 Nh2 17. Rd1 Qh4 18. f4 Qxh3 19. Bg2 Qh4 20. f3 0-0 21. Rd4 f5 22. Be3 g5 23. Bf2 Nxf3+ 24. Qxf3 Qg4 25. Qxg4 hxg4 26. fxg5 f4 27. Be4 g3 28. Be1 e5 29. Bd5+ Kg7 30. Rd3 Bf5 31. Rf3 Rae8 32. Bc3 Kg6 33. Nd2 Rd8 34. Be4 Kxg5 35. Bxf5 Rxf5 36. Ne4+ Kg4 37. Raf1 Rh8 38. Nxg3 Rg5 39. Ne4 Rgh5 40. Nf6+ Kf5 41. Nxh5 Rxh5 42. Rd3 Rh7 43. Rfd1 Ke4 44. Rd7 Rh6 45. Rxc7 Kf3 46. Bxe5 Rg6+ 47. Kf1 Rh6 48. Rg7 1-0